Grimm episodes part 1 first 3 seasons - Statistics

General Stats
  • This quiz has been taken 16 times
  • The average score is 23 of 66
Answer Stats
season name of ep % Correct
Beeware
100%
Bears Will Be Bears
88%
1 Pilot
88%
Three Coins in a Fuchsbau
75%
Game Ogre
63%
Lonely Hearts
63%
Organ Grinder
63%
Big Feet
50%
Last Grimm Standing
50%
Mr. Sandman
50%
Quill
50%
The Kiss
50%
Woman in Black
50%
A Dish Best Served Cold
38%
Bad Moon Rising
38%
2 Bad Teeth
38%
Blond Ambition
38%
Cat and Mouse
38%
Danse Macabre
38%
El Cucuy
38%
Face Off
38%
Goodnight, Sweet Grimm
38%
Island of Dreams
38%
Kiss of the Muse
38%
La Llorona
38%
Leave it to Beavers
38%
Let Your Hair Down
38%
Love Sick
38%
Nobody Knows the Trubel I've Seen
38%
PTZD
38%
The Thing with Feathers
38%
3 The Ungrateful Dead
38%
Volcanalis
38%
Cold Blooded
25%
Endangered
25%
Eyes of the Beholder
25%
Happily Ever Aftermath
25%
Mommy Dearest
25%
My fair Wesen
25%
Nameless
25%
Natural Born Wesen
25%
Once We Were Gods
25%
One Angry Fuchsbau
25%
Plumed Serpent
25%
Red Menace
25%
Revelation
25%
Synchronicity
25%
The Bottle Imp
25%
The Good Shepherd
25%
The Good Soldier
25%
The Hour of Death
25%
The Inheritance
25%
The Law of Sacrifice
25%
The Other Side
25%
The Three Bad Wolves
25%
The Waking Dead
25%
The Wild Hunt
25%
To Protect and Serve Man
25%
Twelve Days of Krampus
25%
One Night Stand
13%
Over My Dead Body
13%
Stories We Tell Our Young
13%
Tarentella
13%
The Season of the Hexenbiest
13%
The Show Must Go On
13%
Of Mous and Man
0%
No matching quizzes found
Score Distribution
Percent of People with Each Score
Percentile by Number Answered
Your Score History
You have not taken this quiz